000 00564nam a2200241Ia 4500
003 OSt
005 20220924145443.0
006 a|||||r|||| 00| 0
007 ta
008 220923b |||||||| |||| 00| 0 tel d
020 _c3.00
024 _a328725
037 _cTextual
040 _aARTS
_cARTS
_btel
041 _2tel
_atel
082 _aL, 35K6
100 _aVenkateswa
_9219778
245 0 _aNeebee neerupam
260 _c1966
650 _aMEDICINE
_94387
942 _hL, 35K6
_cTEXL
_2CC
999 _c460136
_d460136